Guess the Taylor Swift song with no hint 90 - Statistics

General Stats
  • This quiz has been taken 1,001 times
  • The average score is 152 of 227
Answer Stats
Answer % Correct
I
100%
a
98%
A
98%
the
97%
you
97%
You
97%
"You
97%
me
95%
we
93%
We
93%
and
92%
And
92%
it
92%
your
92%
in
90%
my
90%
to
90%
To
90%
is
89%
On
89%
be
87%
You're
87%
(you're
87%
was
86%
that
85%
I'm
84%
They
84%
they
84%
(they
84%
All
82%
all
82%
for
82%
of
82%
This
81%
"What
81%
say
80%
too
80%
ever
79%
can
78%
said
77%
as
75%
up
73%
just
72%
from
71%
time
71%
with
70%
wanted
66%
nothing
65%
should
64%
'Cause
61%
home
60%
last
60%
way
60%
sweet
59%
out
58%
something
57%
something)
57%
Down
56%
end
55%
eye
54%
Does
53%
coming
52%
coming)
52%
mind"
51%
little
50%
they're
50%
happens
49%
myself
48%
kitchen
47%
more"
47%
nothings
47%
Everyone's
46%
(everyone's
46%
find
46%
poem
46%
spy
46%
wrote
46%
July
45%
running
44%
soft
44%
tired
44%
doing
43%
humming
43%
humming)
43%
picked
43%
admit
42%
almost
42%
forgot
42%
deep
41%
inside
41%
pocket
40%
Tiny
38%
voices
38%
firefly
37%
miss
37%
implore
36%
pebble
36%
other
35%
sometimes?
35%
push
34%
each
33%
talking
33%
shoving
32%
shoving)
32%
smooth
30%
Industry
28%
Outside
28%
(outside
28%
soul
28%
glad
25%
Wicklow
23%
deconstructors
22%
disruptors
21%
handing
19%
hucksters
16%
No matching quizzes found
Score Distribution
Percent of People with Each Score
Percentile by Number Answered
Your Score History
You have not taken this quiz